Loading...
| Other Science (Computer Science) | 2 | 1 | 0 | 0 | 40 | 31 | 56.67 | 1 | 3 | 0.00 | 0.00 |
| History - European | 0 | 3 | 0 | 2 | 30 | 140 | 152.33 | 0 | 0 | 0.00 | 0.00 |
| Other Culture | 0 | 2 | 0 | 1 | 20 | 91 | 117.00 | 0 | 0 | 0.00 | 0.00 |
| Philosophy | 1 | 1 | 1 | 0 | 20 | 64 | 87.50 | 1 | 1 | 0.00 | 0.00 |
| Social Science | 1 | 1 | 1 | 0 | 20 | 71 | 90.50 | 0 | 0 | 0.00 | 0.00 |
| Modern World | 0 | 2 | 1 | 0 | 15 | 100 | 112.50 | 0 | 0 | 0.00 | 0.00 |
| Fine Arts - Classical Music and Opera | 0 | 1 | 0 | 0 | 10 | 145 | 145.00 | 0 | 0 | 0.00 | 0.00 |
| Other Academic | 0 | 1 | 0 | 0 | 10 | 131 | 131.00 | 0 | 0 | 0.00 | 0.00 |
| Fine Arts - Painting and Sculpture | 0 | 1 | 0 | 0 | 10 | 136 | 136.00 | 0 | 0 | 0.00 | 0.00 |
| History - World | 0 | 1 | 0 | 1 | 10 | 138 | 138.00 | 0 | 0 | 0.00 | 0.00 |
| Literature - British | 0 | 1 | 0 | 0 | 10 | 132 | 132.00 | 0 | 0 | 0.00 | 0.00 |
| Literature - World | 0 | 1 | 0 | 0 | 10 | 130 | 130.00 | 0 | 0 | 0.00 | 0.00 |
| Mythology | 0 | 1 | 0 | 1 | 10 | 162 | 162.00 | 0 | 0 | 0.00 | 0.00 |
| Other Science (Astronomy) | 0 | 1 | 0 | 1 | 10 | 151 | 151.00 | 0 | 0 | 0.00 | 0.00 |
| Other Science (Earth Science) | 0 | 1 | 0 | 0 | 10 | 112 | 112.00 | 0 | 0 | 0.00 | 0.00 |
| Religion | 0 | 1 | 0 | 1 | 10 | 160 | 160.00 | 0 | 0 | 0.00 | 0.00 |
| Science - Biology | 0 | 1 | 0 | 0 | 10 | 136 | 136.00 | 0 | 0 | 0.00 | 0.00 |
| Literature - European | 0 | 1 | 1 | 0 | 5 | 111 | 111.00 | 0 | 0 | 0.00 | 0.00 |
| Science - Physics | 0 | 1 | 1 | 0 | 5 | 89 | 89.00 | 1 | 1 | 0.00 | 0.00 |
| Other Science (Math) | 0 | 1 | 2 | 0 | 0 | 142 | 142.00 | 0 | 0 | 0.00 | 0.00 |
| History - Other | 0 | 0 | 1 | 0 | -5 | 0.00 | 0 | 0 | 0.00 | 0.00 | |
| History - American | 0 | 1 | 3 | 0 | -5 | 81 | 81.00 | 0 | 1 | 0.00 | 0.00 |
| Literature - American | 0 | 0 | 1 | 0 | -5 | 0.00 | 0 | 0 | 0.00 | 0.00 | |
| Other Science (Mixed/Any) | 0 | 0 | 1 | 0 | -5 | 0.00 | 0 | 0 | 0.00 | 0.00 |